taylor swift quiz! - Statistics

General Stats
  • This quiz has been taken 167 times
    121 since last reset
  • The average score is 10 of 15
Answer Stats
hint answer % Correct
Her middle name Alison
96%
album to have all her songs self-written was... Speak Now
85%
Grammy was in... (year) 2010
83%
Her birthday December 13
82%
"And you've got a smile that could light up __________" this whole town
77%
"Look at this godforsaken mess that you made me, You showed me colors you know ____________________" I can't see with anyone else
73%
The number of grammy's she's won 14
72%
Her mom's name Andrea
72%
track on the album "Red" was... State of Grace
71%
album to have no songs self-written was... reputation
70%
"Said, I'm fine, but it wasn't true, I don't wanna __________________" keep secrets just to keep you
66%
"I say, 'I heard, oh, That you've been _________ with some other girl'" out and about
64%
"And how you _________________ that September night, The first time you ever saw me cry" held me in your arms
51%
The city she grew up in West Reading
44%
headlining concert tour was called... the Fearless Tour
38%
No matching quizzes found
Score Distribution
Percent of People with Each Score
Percentile by Number Answered
Your Score History
You have not taken this quiz since the last reset